000 00373 a2200133 4500
001 88438
082 _aPR 653
090 _c41863
_d41863
100 _aKhan, S.A
245 _aUtilization of wire screen to prevent seperation of boundary layer in diffusers
260 _aKarachi
_bUniversity of Karachi
_c1971
300 _a35p.
500 _aBE Project Reports
942 _aUniversity of Karachi
_kPR 653
999 _c323511
_d323511